000 00932cam a2200289Mi 4500
001 ocn186972973
003 TZ-ArACH
005 20150420125353.0
008 071129s2007 fr 000 0 fre d
020 _a9782271065513
020 _a2271065518
035 _a(OCoLC)186972973
040 _aTZT
_beng
_cTZ-ArACH
_dOCLCQ
041 _aFre
049 _aTZAA
050 _aKZ21
_b.A55 2006
072 7 _aK
_2lcco
082 1 4 _a341
_21
245 0 0 _aAnnuaire français de droit international 2006.
_nLII,
_p2006 /
_c[contributions de G. Distefano, O. de Schutter, A. Vandepoorter and others].
260 _aParis :
_bCNRS,
_c2007.
300 _a1036 pages
650 _2Droit International
_916109
650 _2International law
_916110
653 _aInternational law
_aYearly
942 _2lcc
_cBOOK
999 _c3112
_d3112